000 00552nam a2200169 a 4500
001 4059
005 20140414131939.0
008 081215s19uu xx 00 eng d
020 _a0-439-21862-4
050 _aTR 507
_bR53 2002
100 _aRobillard, Veronica
245 _aScience write & read books :
_b15 reproducible books on favorite science topics that your students help write.Grade K-2 /
_cby Veronica Robillard.
260 _aNew York :
_bScholastic,
_cc2002.
300 _a1 v. (unpaged) : ill. ; cm.
999 _c112540
_d112540